La educación lingüística y literaria en la enseñanza secundaria / (Registro nro. 104122)

Detalles MARC
000 -CABECERA
campo de control de longitud fija 00745nam a2200205 a 4500
005 - FECHA Y HORA DE LA ÚLTIMA TRANSACCIÓN
campo de control 20220615113715.0
008 - ELEMENTOS DE LONGITUD FIJA--INFORMACIÓN GENERAL
campo de control de longitud fija 040217s1996 mx r 000 0 spa d
020 ## - NÚMERO INTERNACIONAL NORMALIZADO PARA LIBROS
Número Internacional Estándar del Libro 848584047X
035 ## - NÚMERO DE CONTROL DEL SISTEMA
Número de control de sistema UPN01000131967
049 ## - COLECCIÓN
Colección CG
050 #4 - SIGNATURA TOPOGRÁFICA DE LA BIBLIOTECA DEL CONGRESO
Número de clasificación PC4065
Número de documento/Ítem E3.8
245 03 - MENCIÓN DE TÍTULO
Título La educación lingüística y literaria en la enseñanza secundaria /
Mención de responsabilidad, etc. (Coords.) Carlos Lomas ... [et al.]
260 ## - PUBLICACIÓN, DISTRIBUCIÓN, ETC.
Lugar de publicación, distribución, etc. Barcelona, (Esp.) :
Nombre del editor, distribuidor, etc. ICE :
-- Horsori,
Fecha de publicación, distribución, etc. 1996.
300 ## - DESCRIPCIÓN FÍSICA
Extensión 272 p.
440 #0 - MENCIÓN DE SERIE/ASIENTO SECUNDARIO--TÍTULO
Título Cuadernos de formación del profesorado ;
Designación de volumen o secuencia 1.
Nombre de parte o sección de la obra Educación secundaria
650 #4 - ASIENTO SECUNDARIO DE MATERIA - TERMINO TEMATICO
Término de materia o nombre geográfico como elemento de entrada Español
Subdivisión general Estudio y enseñanza (Secundaria)
9 (RLIN) 7237
650 #4 - ASIENTO SECUNDARIO DE MATERIA - TERMINO TEMATICO
Término de materia o nombre geográfico como elemento de entrada Literatura
Subdivisión general Estudio y enseñanza (Secundaria)
9 (RLIN) 6686
700 1# - ASIENTO SECUNDARIO--NOMBRE DE PERSONAL
Nombre de persona Lomas, Carlos,
Fechas asociadas al nombre 1956-
Término indicativo de función/relación coord.
9 (RLIN) 29048
905 ## - TIPO DE MATERIAL
Tipo de material Libro
Existencias
Estado de retiro Estado de pérdida Fuente del sistema de clasificación o colocación Estado dañado No para préstamo Código de colección Localización permanente Ubicación/localización actual Ubicación en estantería Total de préstamos Clasificación Código de barras Fecha visto por última vez Número de copia Tipo de ítem Koha
    Library of Congress Classification     Colección General Bib. Gregorio Torres Quintero Bib. Gregorio Torres Quintero Planta baja 2 PC4065 E3.8 258078 31/12/2020 1 Libro
    Library of Congress Classification     Colección General Bib. Gregorio Torres Quintero Bib. Gregorio Torres Quintero Planta baja 29 PC4065 E3.8 211069 31/12/2020 1 Libro
    Library of Congress Classification     Colección General Bib. Gregorio Torres Quintero Bib. Gregorio Torres Quintero Planta baja 3 PC4065 E3.8 258077 31/12/2020 1 Libro
    Library of Congress Classification     Colección General Bib. Gregorio Torres Quintero Bib. Gregorio Torres Quintero Planta baja 4 PC4065 E3.8 258107 31/12/2020 1 Libro